000 00454nam a2200181Ia 4500
001 23688
005 20260414150954.0
008 260414t2012||||xx |||||||||||||| ||spa||
041 _aESP
082 _a690.1
_bN56
100 _aNieto, Nemecio Martiniano
_eAUT
245 0 _aConstrucción de edificios :
_bdiseñar para construir
260 _c2012
300 _a633 páginas :
_c24 cm.
650 _a0
654 _aCIC
942 _cLIB
_dJUS
_fJUS
_2ddc
_n
999 _c23688
_d23688